| 000 | 00707nam a22002297a 4500 | ||
|---|---|---|---|
| 005 | 20150519125234.0 | ||
| 010 | _aENG-112677 | ||
| 020 |
_c105.00 _a8123763816 |
||
| 020 |
_a9788123763811 _c105.00 |
||
| 035 | _aEN-96209 | ||
| 037 | _bDBAD/PUB | ||
| 082 | _a577 | ||
| 100 | _aTrehan, B.K. | ||
| 245 | 0 | 0 |
_aBack to nature / _cby B.K. Trehan [and] Indu Trehan _b |
| 260 |
_aNew Delhi _bNational Book Trust _c2012 |
||
| 270 |
_aNehru Bhawan, 5 Institutional area, Phase-ll Vasant Kunj _bNew Delhi _e110070 |
||
| 300 |
_axi,198p. _c22cm(pbk) |
||
| 490 | _aYoung India library | ||
| 500 | _aIncludes bibliographical references | ||
| 700 | _aTrehan, Indu | ||
| 942 |
_2ddc _cEN _mTRE _h577 |
||
| 999 |
_c92915 _d92915 |
||